000 00924cim a22002297a 4500
005 20140923123328.0
007 sd uuuuuudmuud
008 140717t2008 xx nnnnfs s| c eng d
024 _a9781424000692
082 0 4 _222
_a428.202465
_bMAS
100 1 _935936
_aMascull, Bill
245 1 0 _aBest practice upper intermediate :
_h[sound recording] :
_bbusiness English in global context : audio CDs /
_cBill Mascull and Jeremy Comfort.
260 _a[S. l.] :
_bThomson Heinle,
_cc.2008.
300 _a2 sound discs ;
_c4 3/4 in.
500 _aUnits 1-6, units 7-12.
650 0 _aEnglish language
_xBusiness English
_vAudio-visual aids
_936059
650 0 _936053
_aEnglish language
_vTextbooks for foreign speakers
_vAudio-visual aids
650 0 _aBusiness writing
_vProblems, exercises, etc.
_vAudio-visual aids
_936060
653 _bEEENG
_cJuly2014
700 1 _935937
_aComfort, Jeremy
942 _2ddc
_cCDR
_k428.202465 MAS
999 _c18366
_d18338